Normal view
MARC view
- Ali Nawazish Shah
Entry Personal Name
001 - CONTROL NUMBER
- control field: 25501
003 - CONTROL NUMBER IDENTIFIER
- control field: NUST
005 - DATE AND TIME OF LATEST TRANSACTION
- control field: 20191111153123.0
008 - FIXED-LENGTH DATA ELEMENTS
- fixed length control field: 191111|| aca||aabn | a|a d
040 ## - CATALOGING SOURCE
- Original cataloging agency: NUST
- Transcribing agency: NUST
100 ## - HEADING--PERSONAL NAME
- Personal name: Ali Nawazish Shah
670 ## - SOURCE DATA FOUND
- Source citation: Work cat.: (NUST): Ali Nawazish Shah, Pathay, 2014
